000 00925nam a2200265 i 4500
001 177785
003 ES-MaACL
005 20250901050853.0
008 110426s1994 sp |||| | spa d
020 _a84-88217-02-1
080 _a141.72
080 _a305
100 1 _aFalcón, Lidia,
_d1935-
_948707
245 1 3 _aLa razón feminista /
_cLidia Falcón.
250 _a1ª ed.
260 _aMadrid :
_bVindicación Feminista,
_c1994.
300 _a2 t. en 1 v. (405 p.) ;
_c22 cm.
504 _aBibliografía: p. 387-405.
505 8 0 _aContiene: I ;
_tLa mujer como clase social y económica ; El modo de producción doméstico - II ;
_tLa reproducción humana
650 0 7 _aFeminismo
_2embne
_912744
650 0 4 _aMujeres-
_xSituación social.
_915317
710 2 _aVindicación Feminista
_9170615
852 _aES-MaACL
_jE-14991
_z.- Dedicatoria autógrafa de la autora
999 _c177785
_d177785